000
00347nam a2200145Ia 4500
008
230718s9999 xx 000 0 und d
041
_a
Eng.
082
_a
346.46
_b
CHI-A
100
_a
Chitaley, W.S
245
0
_a
All Indian Reporter
260
_a
Pakistan
_b
All indian Publishers
_c
2016
300
_a
2161 2864
650
_a
Law
999
_c
31314
_d
31314